000 00480nam a2200181Ia 4500
005 20240731115842.0
008 131103s9999 xx 000 0 und d
040 _aLoreto College
041 _aEnglish
082 _a304.6
_bUNI
100 _aUnited Nations
245 4 _aThe Determinants and consequences of population trends
300 _axv,660p.
504 _aIncludes index and bibliography
650 _aPopulation - United Nations
850 _aLCLIB
942 _cBK
999 _c20716
_d71195